| 000 | 00606nam a2200205 4500 | ||
|---|---|---|---|
| 001 | 119444 | ||
| 003 | ES-MaACL | ||
| 005 | 20251120063140.0 | ||
| 007 | t| | ||
| 008 | 070214s1962 sp r ||||1| spa d | ||
| 100 | 1 |
_aPérez Lozano, José María, _d1926-1975 _990983 |
|
| 245 | 1 | 0 |
_aDios tiene una O / _cJosé María Pérez Lozano. |
| 250 | _a3ª ed. | ||
| 260 |
_aBarcelona : _bFlors, _c1962. |
||
| 300 |
_a163 p. 7 láms. : _bil ; _c19 cm. |
||
| 490 | 1 | _aColección estría | |
| 830 | 0 |
_aColección estría _9218600 |
|
| 852 |
_aES-MaACL _jC-22083 _bR.50568 |
||
| 999 |
_c119444 _d119444 |
||